Statistics for Rivers of the USA

Click here to take the quiz!

General Stats

  • This quiz has been taken 67 times
  • The average score is 11 of 20

Answer Stats

RankHintAnswer% Correct
2River of Tom SawyerMississippi
100%
1Longest river in North America, tributary of #2Missouri
94%
5Very little of this river's water actually reaches its mouthColorado
93%
11Don't mistake this river for the longer #5Colorado of Texas
93%
10Two rivers go into Pittsburgh, this one comes outOhio
89%
4Illegal immigrants cross this riverRio Grande
85%
3Part of the "rich man's route" to the KlondikeYukon
74%
6Second longest tributary of #2Arkansas
69%
7Two famous explorers reached the ocean at this river's mouthColumbia
67%
8But remember this colorful river's valley in a famous cowboy songRed
67%
12Flows from Knoxville, through a state with the same name, to #10Tennessee
54%
9Flows through the deepest canyon in North AmericaSnake
46%
13Curiously, this river does not even flow through CanadaCanadian
44%
15Powell floated this colorful river before #5Green
41%
16Longest tributary of #4, shares its name with a fictional cowboyPecos
35%
17Several rivers of this colorful name flow around the country, but this Arkansas-Missouri river is the longestWhite
30%
14Longest river entirely in TexasBrazos
26%
20Namesake of a particularly dangerous shortcut on the Santa Fe TrailCimarron
7%
18Sometimes called the Dakota River, it empties into #1James
7%
19Longest river entirely in Alaska, it is not a tributary of #3Kuskokwim
0%

Score Distribution

Percentile by Number Answered

Percent of People with Each Score

Your Score History

You have not taken this quiz